| 000 -CABECERA |
| Longitud fija campo de control |
00706nam a2200193 a 4500 |
| 001 - NÚMERO DE CONTROL |
| Número de control |
2225 |
| 003 - IDENTIFICADOR DEL NÚMERO DE CONTROL |
| Identificador del número de control |
CDMR |
| 005 - FECHA Y HORA DE LA ÚLTIMA TRANSACCIÓN |
| Fecha y hora de la última transacción |
20131104163745.0 |
| 008 - CÓDIGOS DE INFORMACIÓN DE LONGITUD FIJA |
| Códigos de información de longitud fija |
130130s1984||||||||||||||||||||||||||||d |
| 020 ## - NÚMERO INTERNACIONAL NORMALIZADO PARA LIBROS |
| Número Internacional Normalizado para Libros (ISBN) |
848615359X |
| 040 ## - FUENTE DE LA CATALOGACIÓN |
| Centro catalogador de origen |
CDMR |
| Lengua de catalogación |
cat |
| Centro transcriptor |
CDMR |
| 100 1# - PUNTO DE ACCESO PRINCIPAL-NOMBRE DE PERSONA |
| Nombre de persona |
Pérez del Toro, Laura |
| 9 (RLIN) |
1653 |
| 245 13 - MENCIÓN DE TÍTULO |
| Título |
La prensa de prestigio en la Comunidad Económica Europea |
| Mención de responsabilidad, etc. |
Laura Pérez del Toro |
| 260 ## - PUBLICACIÓN, DISTRIBUCIÓN, ETC. (PIE DE IMPRENTA) |
| Lugar de publicación, distribución, etc. |
Barcelona |
| Fecha de publicación, distribución, etc. |
1984 |
| Nombre del editor, distribuidor, etc. |
Mitre |
| 490 0# - MENCIÓN DE SERIE |
| Mención de serie |
Textos de Periodismo |
| 500 ## - NOTA GENERAL |
| Nota general |
Inclou l'anàlisi dels diaris Berlingske Tidende, Le Monde, Le Figaro, L'Stampa, The Times, The Guardian, The Daily Telegraph, Frankfurter Allgemeine, Süddeutsche Zeitung, Die Welt |
| 650 04 - PUNTO DE ACCESO ADICIONAL DE MATERIA - TÉRMINO DE MATERIA |
| 9 (RLIN) |
4093 |
| Término de materia o nombre geográfico como elemento inicial |
Premsa |
| Subdivisión geográfica |
Europa |
| 942 ## - ENTRADA DE ELEMENTOS AGREGADOS (KOHA) |
| Koha [por defecto] tipo de item |
Monografies |
| Fuente de clasificaión o esquema |
|